000 00430nam a2200181Ia 4500
001 1967
005 20260306143807.0
008 260306t2015||||xx |||||||||||||| ||spa||
041 _aESP
082 _a158.7
_bM26
100 _aMartínez Tur, Vicente
_eAUT
245 0 _aPsicología de las organizaciones
260 _c2015
300 _a264 páginas :
_c23 cm.
650 _aGEN
654 _aCPS
942 _cLIB
_dJUS
_fJUS
_2ddc
_n
999 _c1967
_d1967